Micro perspectives of tourism and hospitality (Record no. 365242)
[ view plain ]
| 000 -LEADER | |
|---|---|
| fixed length control field | 00646nam a22002057a 4500 |
| 003 - CONTROL NUMBER IDENTIFIER | |
| control field | 0 |
| 005 - DATE AND TIME OF LATEST TRANSACTION | |
| control field | 20230901094328.0 |
| 008 - FIXED-LENGTH DATA ELEMENTS--GENERAL INFORMATION | |
| fixed length control field | 230901b xxu||||| |||| 00| 0 eng d |
| 020 ## - INTERNATIONAL STANDARD BOOK NUMBER | |
| International Standard Book Number | 978-621-418-238-1 |
| 050 ## - LIBRARY OF CONGRESS CALL NUMBER | |
| Classification number | G 155 |
| Item number | .B35 2022 |
| 100 ## - MAIN ENTRY--PERSONAL NAME | |
| Personal name | Bajao, Grayfield T. |
| 245 ## - TITLE STATEMENT | |
| Title | Micro perspectives of tourism and hospitality |
| Statement of responsibility, etc | Grayfield T. Bajao |
| 260 ## - PUBLICATION, DISTRIBUTION, ETC. (IMPRINT) | |
| Place of publication, distribution, etc | Quezon City |
| Name of publisher, distributor, etc | Wiseman's Book Trading, Inc. |
| Date of publication, distribution, etc | c2022. |
| 300 ## - PHYSICAL DESCRIPTION | |
| Extent | iii, 232 pages : |
| Other physical details | b&w ill. ; |
| Dimensions | 25 cm. |
| 500 ## - GENERAL NOTE | |
| General note | Tourism management. |
| 504 ## - BIBLIOGRAPHY, ETC. NOTE | |
| Bibliography, etc | Includes bibliographical references. |
| 650 ## - SUBJECT ADDED ENTRY--TOPICAL TERM | |
| Topical term or geographic name as entry element | Tourism management. |
| 700 ## - ADDED ENTRY--PERSONAL NAME | |
| Personal name | Osorno, Rene D. |
| 942 ## - ADDED ENTRY ELEMENTS (KOHA) | |
| Source of classification or shelving scheme | Library of Congress Classification |
| Koha item type | Books |
| Withdrawn status | Lost status | Source of classification or shelving scheme | Damaged status | Home library | Current library | Shelving location | Date acquired | Source of acquisition | Sub Shelving location | Total Checkouts | Total Renewals | Full call number | Barcode | Date last seen | Date checked out | Price effective from | Koha item type |
|---|---|---|---|---|---|---|---|---|---|---|---|---|---|---|---|---|---|
| Library of Congress Classification | College Library | College Library | Filipiniana Section | 09/01/2023 | Library Fund | 2 | 5 | G 155 .B35 2022 | C22941 | 05/09/2024 | 09/19/2023 | 09/01/2023 | Books |